000 00611cam a22002053a 4500
001 43759
003 PGUSA
005 20140828084008.0
008 130917s2013||||xxu|||||s|||||000 | eng d
040 _aPGUSA
_beng
042 _adc
100 1 _aRobert-tornow, Walter
245 1 0 _aGeflügelte Worte :
_bDer Citatenschatz des deutschen Volkes
_h[electronic resource] /
_cWalter Robert-tornow
260 _bProject Gutenberg,
_c2013
506 _aPublic domain in the USA.
516 _aElectronic text
830 0 _aProject Gutenberg
_v43759
856 4 0 _uhttp://www.gutenberg.org/ebooks/43759
942 _cEB
999 _c273010
_d273010